[Event "Barcelona Sant Marti op-B 22nd"]
[Site "Barcelona"]
[Date "2022.07.20"]
[Round "8"]
[White "Delgadillo Vidal, Philippe Arnau"]
[Black "Ibanez Riquelme, Sergio"]
[Result "1-0"]
[WhiteElo "1516"]
[BlackElo "1644"]
[PlyCount "29"]
[EventDate "2022.07.13"]
[EventType "swiss"]
[EventRounds "9"]
[EventCountry "ESP"]
[SourceTitle "CBM 210 Extra"]
[Source "ChessBase"]
[SourceDate "2022.11.30"]
[SourceVersion "1"]
[SourceVersionDate "2022.11.30"]
[SourceQuality "1"]

1. e4 c5 2. Nf3 Nc6 3. d4 cxd4 4. Nxd4 g6 5. Nc3 Bg7 6. Be3 d6 7. f3 Nf6 8. Qd2 0-0 9. 0-0-0 a6 10. g4 Ne5 11. h4 Be6 12. h5 Rc8 13. hxg6 hxg6 14. Bh6 Bxg4 15. Bxg7 1-0

[Event "Barcelona Sant Marti op-B 22nd"]
[Site "Barcelona"]
[Date "2022.07.16"]
[Round "4"]
[White "Delgadillo Vidal, Philippe Arnau"]
[Black "Bustos Pedragosa, Nil"]
[Result "1-0"]
[WhiteElo "1516"]
[BlackElo "1376"]
[PlyCount "93"]
[EventDate "2022.07.13"]
[EventType "swiss"]
[EventRounds "9"]
[EventCountry "ESP"]
[SourceTitle "CBM 210 Extra"]
[Source "ChessBase"]
[SourceDate "2022.11.30"]
[SourceVersion "1"]
[SourceVersionDate "2022.11.30"]
[SourceQuality "1"]

1. e4 c6 2. d4 d5 3. exd5 cxd5 4. Bd3 Nc6 5. c3 Qc7 6. h3 e5 7. dxe5 Nxe5 8. Qe2 Be6 9. Bb5+ Nc6 10. Nf3 a6 11. Ba4 h6 12. Nd4 Qd7 13. 0-0 b5 14. Nxe6 Qxe6 15. Qxe6+ fxe6 16. Bc2 Nge7 17. Bf4 Rc8 18. Re1 g5 19. Bh2 Bg7 20. Rxe6 Nd4 21. cxd4 Rxc2 22. Na3 Rxb2 23. Rae1 Bf8 24. Rxa6 Rxa2 25. Nxb5 Rxa6 26. Nc7+ Kf7 27. Nxa6 Bg7 28. Be5 Bxe5 29. Rxe5 Rd8 30. Nb4 Rd6 31. Kf1 Re6 32. Rxe6 Kxe6 33. Ke2 Nf5 34. Nc2 Nh4 35. g3 Ng6 36. Kf3 h5 37. Ne3 Ne7 38. h4 g4+ 39. Kf4 Kf6 40. Ng2 Nc6 41. Ke3 Ne7 42. Nf4 Nf5+ 43. Kd3 Nxh4 44. gxh4 Kf5 45. Nxh5 Kg6 46. Nf4+ Kf5 47. Nxd5 1-0

[Event "Foment Martinenc op-C 22nd"]
[Site "Barcelona"]
[Date "2022.06.18"]
[Round "9"]
[White "Delgadillo Vidal, Philippe Arnau"]
[Black "Bueno Navas, Lucas"]
[Result "1/2-1/2"]
[WhiteElo "1740"]
[BlackElo "1606"]
[PlyCount "92"]
[EventDate "2022.04.23"]
[EventType "swiss"]
[EventRounds "9"]
[EventCountry "ESP"]
[SourceTitle "EXT 2023"]
[Source "ChessBase"]
[SourceDate "2022.10.05"]
[SourceVersion "1"]
[SourceVersionDate "2022.10.05"]
[SourceQuality "1"]

1. e4 c5 2. Nf3 g6 3. d4 cxd4 4. Nxd4 Bg7 5. c4 Nc6 6. Be3 Nf6 7. Nc3 d6 8. Be2 Bd7 9. 0-0 0-0 10. h3 Nxd4 11. Bxd4 Bc6 12. Qd3 a5 13. Rad1 Nd7 14. Bxg7 Kxg7 15. Qd4+ Kg8 16. Bg4 Ne5 17. c5 Nxg4 18. hxg4 dxc5 19. Qxc5 Qc8 20. Qxe7 Qxg4 21. Nd5 Bxd5 22. Rxd5 Rfe8 23. Qxb7 Qxe4 24. Rfd1 Rab8 25. Qc7 Rbc8 26. Qxa5 Rc2 27. R5d2 Rec8 28. Rxc2 Rxc2 29. Qd8+ Kg7 30. Qd4+ Qxd4 31. Rxd4 Rxb2 32. Ra4 h5 33. g3 g5 34. Kg2 g4 35. Ra5 Kg6 36. a4 Ra2 37. Ra8 Kf5 38. a5 Kf6 39. Ra7 Ra1 40. Ra6+ Kf5 41. Ra8 Kg6 42. a6 Kf6 43. a7 Kf5 44. Kh2 Ra2 45. Kg2 Kf6 46. Kg1 Kf5 1/2-1/2

[Event "Foment Martinenc op-C 22nd"]
[Site "Barcelona"]
[Date "2022.06.11"]
[Round "8"]
[White "Palmer Pifarre, Joaquin"]
[Black "Delgadillo Vidal, Philippe Arnau"]
[Result "0-1"]
[WhiteElo "1700"]
[BlackElo "1740"]
[PlyCount "104"]
[EventDate "2022.04.23"]
[EventType "swiss"]
[EventRounds "9"]
[EventCountry "ESP"]
[SourceTitle "EXT 2023"]
[Source "ChessBase"]
[SourceDate "2022.10.05"]
[SourceVersion "1"]
[SourceVersionDate "2022.10.05"]
[SourceQuality "1"]

1. e4 Nc6 2. Nf3 e5 3. Bb5 Nf6 4. 0-0 d6 5. d3 Bd7 6. Be3 Be7 7. h3 0-0 8. Re1 a6 9. Ba4 Re8 10. Nbd2 h6 11. Nf1 Nh7 12. Ng3 Ng5 13. Bb3 Na5 14. Nxg5 Bxg5 15. Qd2 Nxb3 16. axb3 Bxe3 17. Qxe3 Qf6 18. Ne2 Qg6 19. Qg3 Re6 20. Qxg6 Rxg6 21. Kh2 f5 22. Nc3 Rf8 23. Nd5 Kh7 24. Ne7 Rgf6 25. Nxf5 g6 26. Ne3 Rxf2 27. Rf1 Kg8 28. Rae1 c6 29. Rxf2 Rxf2 30. Kg3 Rf6 31. Rf1 Rxf1 32. Nxf1 d5 33. exd5 cxd5 34. Ne3 Be6 35. Ng4 Bxg4 36. Kxg4 Kf7 37. c4 Ke6 38. Kf3 a5 39. h4 Kd6 40. Ke3 Kc5 41. g3 h5 42. Ke2 Kd4 43. Kd2 dxc4 44. bxc4 e4 45. dxe4 Kxe4 46. Ke2 a4 47. c5 Kd4 48. Kd2 Kxc5 49. Kc3 b5 50. Kc2 Kc4 51. Kb1 b4 52. Ka2 a3 0-1

[Event "Foment Martinenc op-C 22nd"]
[Site "Barcelona"]
[Date "2022.04.23"]
[Round "1"]
[White "Delgadillo Vidal, Philippe Arnau"]
[Black "Falco Andreu, Eric"]
[Result "1-0"]
[WhiteElo "1740"]
[BlackElo "1588"]
[PlyCount "71"]
[EventDate "2022.04.23"]
[EventType "swiss"]
[EventRounds "9"]
[EventCountry "ESP"]
[SourceTitle "EXT 2023"]
[Source "ChessBase"]
[SourceDate "2022.10.05"]
[SourceVersion "1"]
[SourceVersionDate "2022.10.05"]
[SourceQuality "1"]

1. d4 Nf6 2. Nf3 e6 3. Bf4 b6 4. e3 Bb7 5. Nbd2 Be7 6. Bd3 0-0 7. h3 c5 8. c3 d5 9. 0-0 Nc6 10. Qe2 Rc8 11. Ne5 Nxe5 12. Bxe5 Bd6 13. Bxd6 Qxd6 14. e4 dxe4 15. Nxe4 Nxe4 16. Bxe4 Bxe4 17. Qxe4 cxd4 18. Rad1 Qc6 19. Qxc6 Rxc6 20. Rxd4 Rcc8 21. Rfd1 g6 22. Kf1 f5 23. Rd7 e5 24. Rxa7 Rcd8 25. Rdd7 Rxd7 26. Rxd7 e4 27. Ke2 Ra8 28. a3 Ra4 29. Rb7 e3 30. Kxe3 Re4+ 31. Kd2 Re6 32. Rd7 h6 33. b4 b5 34. Rd5 Ra6 35. Rxb5 Rxa3 36. Ra5 1-0